Pokemon sans voyelles #5 - Statistiques

Statistiques générales
  • Ce quiz a été pris 62 fois
  • Le résultat moyen est 18 sur 20
Statistiques - réponses
Indices Réponses % Correct
TRTNK Tortank
98%
KBTPS Kabutops
96%
LVNRD Leveinard
96%
FNTMNS Fantominus
95%
GRKNT Griknot
95%
MSTHRB Mystherbe
95%
QWLFSH Qwilfish
93%
SNBBLL Snubbull
91%
BLNDPQ Blindépique
89%
CHRKS Charkos
89%
CLHMRD Colhomard
89%
DBGNT Debugant
89%
MSTFLTT Mustéflott
89%
RCBT Rocabot
89%
VBRNNF Vibraninf
89%
ZBLTZ Zéblitz
86%
MT-D-FR Mite-de-Fer
82%
GRTCHN Grotichon
80%
BLZZVL Blizzeval
73%
SCVLN Scovilain
71%
Aucun quiz correspondant
Distribution des résultats
% des personnes avec chaque résultat
Percentile par nombre de réponses
Votre historique - résultats
Vous n’avez pas pris ce quiz